Polacy grający kiedykolwiek w Premier League. - Statystyki

Ogólne statystyki
  • Ten quiz został rozwiązany 400 razy
  • Średni wynik to 12 z 25
Statystyki odpowiedzi
Klub Pozycja Odpowiedź % Poprawnych
Arsenal, Swansea i West Ham Bramkarz Fabiański
99%
Arsenal Bramkarz Szczęsny
98%
Southampton Środkowy obrońca Bednarek
95%
Liverpool Bramkarz Dudek
94%
Southampton i Bournemouth Bramkarz Boruc
89%
Leeds Środkowy pomocnik Klich
89%
West Brom i Manchester United Bramkarz Kuszczak
84%
Hull i West Brom Lewy napastnik Grosicki
81%
Leicester Środkowy obrońca Wasilewski
80%
West Brom Defensywy pomocnik Krychowiak
67%
Tottenham i Bolton Środkowy napastnik Rasiak
63%
Leicester Ofensywny pomocnik Kapustka
62%
Crystal Palace Środkowy obrońca Jach
44%
Bolton Środkowy napastnik Smolarek
31%
Leeds Środkowy pomocnik Bogusz
24%
Everton Prawy napastnik Warzycha
20%
Portsmouth Środkowy napastnik Olisadebe
18%
Bolton Środkowy obrońca Fojut
14%
Birmingham Defensywy pomocnik Świerczewski
12%
Sunderland Bramkarz Stryjek
11%
Wigan Defensywy pomocnik Cywka
10%
Wigan Prawy pomocnik Kupisz
7%
Aston Villa i Sunderland Prawy obrońca Kubicki
6%
Everton Bramkarz Hewelt
4%
Coventry Obrońca Kruszyński
3%
Nie znaleziono quizów pasujących do podanych kryteriów
Rozkład punktacji
Procent ludzi z każdym wynikiem
Percentyl według liczby udzielonych odpowiedzi
Twoja historia wyników
Nie rozwiązałeś tego quizu